Most Guessed European Cities by Country #1 - Statistics

General Stats
  • This quiz has been taken 51 times
  • The average score is 34 of 50
Answer Stats
Answer % Correct
Russia Moscow
100%
UK London
95%
France Paris
93%
Italy Rome
90%
Russia Saint Petersburg
90%
Spain Barcelona
88%
Germany Berlin
88%
Ukraine Kyiv
88%
Spain Madrid
88%
Italy Milan
88%
UK Birmingham
85%
UK Manchester
85%
France Lyon
83%
Germany Hamburg
80%
UK Liverpool
80%
Italy Naples
80%
France Marseille
78%
Germany Munich
78%
France Nice
78%
Poland Warsaw
78%
Italy Florence
76%
Poland Kraków
76%
Italy Venice
76%
Benelux Amsterdam
73%
Romania Bucharest
73%
Spain Seville
73%
Benelux Brussels
71%
Germany Frankfurt
71%
Spain Valencia
71%
UK Edinburgh
68%
Germany Cologne
66%
Benelux Rotterdam
66%
France Bordeaux
61%
Ukraine Odessa
61%
Spain Bilbao
56%
Benelux Luxembourg
56%
Poland Gdańsk
54%
Ukraine Kharkiv
51%
Benelux Antwerp
49%
Romania Cluj-Napoca
46%
Ukraine Lviv
44%
Russia Yekaterinburg
44%
Ukraine Donetsk
41%
Poland Łódź
41%
Russia Volgograd
41%
Poland Wrocław
37%
Russia Nizhny Novgorod
34%
Romania Constanța
27%
Romania Iași
27%
Romania Timișoara
24%
No matching quizzes found
Score Distribution
Percent of People with Each Score
Percentile by Number Answered
Your Score History
You have not taken this quiz